000
00322nam a2200133Ia 4500
008
240624s9999 xx 000 0 und d
041
_a
eng
082
_a
823 AUS
100
_a
AUSTEN JANE
245
_a
SENSE AND SENSIBILITY
260
_c
2010
_a
New Delhi
_b
HarperCollins
300
_a
viii, 388 p.; 17 cm.
365
_c
RS
999
_c
28954
_d
28954